000 00437nam a2200181Ia 4500
001 20770
005 20260306172830.0
008 260306t2023||||xx |||||||||||||| ||spa||
041 _aESP
082 _a343.8
_bA66A
100 _aArancibia Cueva, Miguel.
_eAUT
245 0 _aCódigo tributario para contadores
260 _c2023
300 _a638 páginas :
_c25 cm.
650 _aGEN
654 _aCDE
942 _cLIB
_dJUS
_fJUS
_2ddc
_n
999 _c20770
_d20770